Brno tram stops - Statistics

General Stats
  • This quiz has been taken 254 times
    235 since last reset
  • The average score is 59 of 143
Answer Stats
Stops % Correct
Autobusové nádraží
94%
Hlavní nádraží
93%
Česká
86%
Ečerova
75%
Moravské náměstí
73%
Nové sady
73%
Výstaviště - hlavní vstup
73%
Výstaviště - vstup G2
73%
Řečkovice
69%
Malinovského náměstí
68%
Mendlovo náměstí
68%
Mifkova
67%
Náměstí Svobody
64%
Zoologická zahrada
64%
Vlhká
63%
Semilasso
60%
Šilingrovo náměstí
60%
Dětská nemocnice
59%
Jugoslávská
59%
Pisárky
59%
Technologický park
59%
Ústřední hřbitov
59%
Konečného náměstí
58%
Zelný trh
58%
Antonínská
57%
Masná
57%
Stará osada
57%
Grohova
56%
Náměstí Míru
56%
Pionýrská
56%
Komárov
55%
Vozovna Komín
55%
Juliánov
54%
Čertova rokle
53%
Královo Pole, nádraží
50%
Náměstí 28. října
50%
Starý Lískovec, smyčka
50%
Tábor
50%
Úvoz
50%
Poříčí
49%
Osová
48%
Přístaviště
47%
Běloruská
46%
Jungmannova
46%
Komenského náměstí
46%
Lipová
46%
Rybkova
46%
Tomkovo náměstí
46%
Obilní trh
45%
Rakovecká
45%
Stránská skála
45%
Hybešova
44%
Kartouzská
44%
Husitská
43%
Kamenolom
43%
Maloměřický most
43%
Tkalcovská
43%
Vojenská nemocnice
43%
Hrnčířská
42%
Úzká
42%
Bráfova
41%
Celní
41%
Geislerova
41%
Jírova
41%
Körnerova
41%
Křídlovická
41%
Lesnická
41%
Modřice, smyčka
41%
Nemocnice Milosrdných bratří
41%
Nemocnice u sv. Anny
41%
Novolíšeňská
41%
Štefánikova čtvrť
41%
Zemědělská
41%
Bělohorská
40%
Krematorium
40%
Vozovna Husovice
40%
Babická
39%
Technické muzeum
39%
Vojtova
39%
Halasovo náměstí
38%
Klusáčkova
38%
Židovský hřbitov
38%
Vozovna Medlánky
37%
Bílá hora
36%
Červinkova
36%
Nerudova
36%
Skácelova
36%
Šumavská
36%
Švermova
36%
Branka
35%
Dělnický dům
35%
Svratecká
35%
Bieblova
33%
Rosického náměstí
33%
Tererova
33%
Ústřední hřbitov, smyčka
33%
Vsetínská
33%
Burianovo náměstí
32%
Dunajská
32%
Líšeňská
32%
Dobrovského
31%
Obřanský most
31%
Tylova
31%
Kuldova
30%
Stránská skála, smyčka
30%
Životského
29%
Králova
28%
Krásného
28%
Mozolky
28%
Fügnerova
27%
Filkukova
26%
Moravanská
26%
Mostecká
25%
Masarova
24%
Podstránská
24%
Bohunická
23%
Heinrichova
23%
Hudcova
23%
Kubíčkova
23%
Ondrouškova
23%
Ořechovská
23%
Soukenická
23%
Stránského
23%
Trávníčkova
23%
Venhudova
23%
Všetičkova
23%
Moravanské lány
22%
Otakara Ševčíka
22%
Čtvery hony
21%
Komín, smyčka
21%
Konopná
21%
Kořískova
21%
Kotlanova
21%
Zdráhalova
21%
Cacovická
20%
Podlesí
20%
Železniční
20%
Buzkova
19%
Modřická cihelna
19%
Obřanská - u školy
19%
Tomanova
16%
Modřice, Tyršova
15%
Proškovo náměstí
14%
No matching quizzes found
Score Distribution
Percent of People with Each Score
Percentile by Number Answered
Your Score History
You have not taken this quiz since the last reset